000 00554nam a22002177a 4500
003 UA-OsUOA
001 78671
007 ta
008 20111018b un ||||| |||| 00| 0 ukr d
100 _aТретяченко Т.
090 _a82
_bТ66
942 _cSA
040 _aUA-OsUOA
_bukr
_cUA-OsUOA
_dUA-OsUOA
245 _aПортрети Михайла Драгоманова
300 _aС.15-18
955 _a0
041 _aukr
080 _a82
773 0 _w78669
650 7 _a82 Література. Літературознавство
_2UDC
999 _c364985
_d364985